Countries with Twice the Average Ecological Footprint - Statistics

General Stats
  • This quiz has been taken 55 times
    11 since last reset
  • The average score is 20 of 31
Answer Stats
Answer % Correct
Australia
100%
Canada
100%
Saudi Arabia
100%
United States
100%
Bahrain
89%
Qatar
89%
Belgium
78%
Israel
78%
Kuwait
78%
New Zealand
78%
Oman
78%
United Kingdom
78%
Austria
67%
Ireland
67%
Luxembourg
67%
Russia
67%
Singapore
67%
Switzerland
67%
Denmark
56%
Kazakhstan
56%
South Korea
56%
Sweden
56%
Taiwan
56%
Estonia
44%
Finland
44%
Latvia
44%
Lithuania
44%
Mongolia
44%
Slovenia
33%
Bahamas
11%
Trinidad and Tobago
11%
No matching quizzes found
Score Distribution
Percent of People with Each Score
Percentile by Number Answered
Your Score History
You have not taken this quiz since the last reset